000 00268nam a22000977a 4500
999 _c11777
_d11777
008 200215b ||||| |||| 00| 0 eng d
020 _a97809837818399
100 _aDavidson Joyce Alice
_97461
245 _aThe Story of Easter
260 _aNorwalk
_bC.R.Gibson Company
_c1988